Indian Constitutional Law 8th Ed. (Record no. 18846)

MARC details
000 -LEADER
fixed length control field 00392nam a2200157Ia 4500
008 - FIXED-LENGTH DATA ELEMENTS--GENERAL INFORMATION
fixed length control field 221030s9999 xx 000 0 und d
020 ## - INTERNATIONAL STANDARD BOOK NUMBER
ISBN 9789386515049
041 ## - LANGUAGE CODE
Language code of text/sound track or separate title
100 ## - MAIN ENTRY--AUTHOR NAME
Personal name M. P. Jain
245 #0 - TITLE STATEMENT
Title Indian Constitutional Law 8th Ed.
Statement of responsibility, etc by M. P. Jain
250 ## - EDITION STATEMENT
Edition statement 8th
260 ## - PUBLICATION, DISTRIBUTION, ETC. (IMPRINT)
Name of publisher Lexis Nexis
Place of publication Gurgaon
Year of publication 2018
300 ## - PHYSICAL DESCRIPTION
Number of Pages 2059
650 ## - SUBJECT ADDED ENTRY--TOPICAL TERM
Topical Term Constitutional Law
942 ## - ADDED ENTRY ELEMENTS (KOHA)
Koha item type Books
Holdings
Accession Number Cost, normal purchase price Bill Date Source of acquisition Price effective from Koha item type Withdrawn / writtenoff status Materials specified (bound volume or other part) Damaged status Not for loan Permanent Location Current Location Shelving location Date acquired Lost/ Missing status department
LLB 23 1750.00 14 RKB 10/30/2022 Books   Print   Not For Loan MIET Library, Jammu MIET Library, Jammu BL-, FL-, CUP-181, SH-3, R-3 04/26/2022   BBA LLB
LLB 24 1750.00 14 RKB 10/30/2022 Books   Print     MIET Library, Jammu MIET Library, Jammu BL-, FL-, CUP-179, SH-2, R-2 04/26/2022   BBA LLB
LLB 25 1750.00 14 RKB 10/30/2022 Books   Print     MIET Library, Jammu MIET Library, Jammu BL-, FL-, CUP-179, SH-2, R-2 04/26/2022   BBA LLB
LLB 27 1750.00 14 RKB 10/30/2022 Books   Print     MIET Library, Jammu MIET Library, Jammu BL-, FL-, CUP-179, SH-2, R-2 04/26/2022   BBA LLB
LLB 1330   30-7-2024 ABD, Jammu 08/05/2024 Books       Not For Loan MIET Library, Jammu MIET Library, Jammu 180/3 08/02/2024   BBA LLB